NFL Top 100 Players of 2025 - Statistics

General Stats
  • This quiz has been taken 4,630 times
  • The average score is 73 of 100
Answer Stats
Rank Team Position Answer % Correct
3. Bills QB Josh Allen
99%
63. Jaguars DE Josh Hines-Allen
99%
2. Ravens QB Lamar Jackson
99%
5. Chiefs QB Patrick Mahomes
99%
1. Eagles RB Saquon Barkley
99%
4. Bengals WR Ja'Marr Chase
98%
6. Bengals QB Joe Burrow
98%
7. Ravens RB Derrick Henry
97%
9. Vikings WR Justin Jefferson
97%
15. Lions QB Jared Goff
96%
8. Browns DE Myles Garrett
96%
20. Lions WR Amon-Ra St. Brown
95%
19. Eagles QB Jalen Hurts
95%
90. Broncos DE Zach Allen
95%
29. Eagles WR A.J. Brown
93%
12. Chiefs DT Chris Jones
93%
21. Commanders QB Jayden Daniels
93%
11. Steelers LB T.J. Watt
92%
37. Chiefs TE Travis Kelce
92%
98. Vikings RB Aaron Jones
91%
10. Broncos CB Patrick Surtain II
91%
35. Cowboys WR CeeDee Lamb
89%
31. 49ers TE George Kittle
89%
27. Lions RB Jahmyr Gibbs
89%
22. Raiders DE Maxx Crosby
89%
24. Raiders TE Brock Bowers
88%
39. Texans QB C.J. Stroud
88%
50. Buccaneers QB Baker Mayfield
87%
47. Dolphins WR Tyreek Hill
87%
41. Rams WR Puka Nacua
86%
16. 49ers LB Fred Warner
85%
59. Rams QB Matthew Stafford
84%
17. Giants DT Dexter Lawrence
83%
33. Packers RB Josh Jacobs
83%
56. Chargers QB Justin Herbert
83%
85. Rams RB Kyren Williams
83%
99. Seahawks DT Leonard Williams
83%
44. Buccaneers WR Mike Evans
83%
87. Jets DT Quinnen Williams
83%
45. 49ers OT Trent Williams
83%
68. Packers QB Jordan Love
82%
23. Eagles OT Lane Johnson
82%
36. Cowboys DE Micah Parsons
82%
64. Broncos QB Bo Nix
81%
32. Texans WR Nico Collins
81%
14. Bengals DE Trey Hendrickson
81%
62. Falcons RB Bijan Robinson
78%
13. Lions OT Penei Sewell
78%
73. 49ers RB Christian McCaffrey
77%
79. Cowboys QB Dak Prescott
77%
52. Commanders WR Terry McLaurin
77%
67. Giants WR Malik Nabers
76%
40. Ravens LB Roquan Smith
76%
77. Bengals WR Tee Higgins
76%
57. 49ers DE Nick Bosa
75%
72. Vikings QB Sam Darnold
74%
55. Lions DE Aidan Hutchinson
73%
34. Cardinals S Budda Baker
72%
65. Cardinals TE Trey McBride
72%
91. Dolphins QB Tua Tagovailoa
72%
18. Texans CB Derek Stingley Jr.
71%
89. Bills RB James Cook
70%
60. Eagles CB Cooper DeJean
69%
58. Texans RB Joe Mixon
69%
61. Jaguars WR Brian Thomas Jr.
68%
28. Buccaneers OT Tristan Wirfs
66%
46. Texans DE Will Anderson Jr.
66%
97. Falcons WR Drake London
65%
43. Eagles DT Jalen Carter
65%
25. Texans DE Danielle Hunter
64%
54. Chargers S Derwin James
64%
66. Dolphins CB Jalen Ramsey
64%
51. Ravens S Kyle Hamilton
64%
94. Lions TE Sam LaPorta
64%
82. Browns WR Jerry Jeudy
63%
26. Eagles LB Zack Baun
61%
74. Commanders LB Bobby Wagner
59%
76. Buccaneers DT Vita Vea
57%
100. Chargers WR Ladd McConkey
56%
30. Packers S Xavier McKinney
54%
84. Patriots CB Christian Gonzalez
52%
93. Chiefs C Creed Humphrey
52%
49. Eagles CB Quinyon Mitchell
52%
83. Steelers DT Cameron Heyward
50%
81. Chiefs CB Trent McDuffie
49%
69. Eagles OT Jordan Mailata
47%
42. Bills OT Dion Dawkins
46%
92. Falcons S Jessie Bates
46%
38. Broncos LB Nik Bonitto
45%
86. Texans OT Laremy Tunsil
42%
53. Rams LB Jared Verse
41%
71. Lions S Kerby Joseph
40%
78. Chargers LB Khalil Mack
39%
75. Steelers LB Patrick Queen
38%
88. Vikings LB Andrew Van Ginkel
36%
96. Buccaneers LB Lavonte David
36%
80. Packers DE Rashan Gary
32%
70. Commanders LB Frankie Luvu
27%
48. Vikings LB Jonathan Greenard
22%
95. Eagles DE Josh Sweat
21%
No matching quizzes found
Score Distribution
Percent of People with Each Score
Percentile by Number Answered
Your Score History
You have not taken this quiz